Państwa które mają więcej krów niż ludzi. - Statystyki

Ogólne statystyki
  • Ten quiz został rozwiązany 21 razy
  • Średni wynik to 5 z 10
Statystyki odpowiedzi
Numer Odpowiedź % Poprawnych
1. Argentyna
71%
7. Nowa Zelandia
71%
5. Mongolia
64%
2. Brazylia
50%
4. Irlandia
43%
8. Paragwaj
43%
10. Urugwaj
43%
6. Namibia
29%
3. Czad
21%
9. Sudan Poludniowy
21%
Nie znaleziono quizów pasujących do podanych kryteriów
Rozkład punktacji
Procent ludzi z każdym wynikiem
Percentyl według liczby udzielonych odpowiedzi
Twoja historia wyników
Nie rozwiązałeś tego quizu